Sleep / (Record no. 6310)
[ view plain ]
| 000 -LEADER | |
|---|---|
| fixed length control field | 00826nac a22002291u 4500 |
| 010 ## - LIBRARY OF CONGRESS CONTROL NUMBER | |
| LC control number | 88037027 |
| 020 ## - INTERNATIONAL STANDARD BOOK NUMBER | |
| International Standard Book Number | 0716750503 |
| 082 00 - DEWEY DECIMAL CLASSIFICATION NUMBER | |
| Classification number | 612.821 |
| Item number | HOB |
| 090 ## - LOCALLY ASSIGNED LC-TYPE CALL NUMBER (OCLC); LOCAL CALL NUMBER (OCLC) | |
| -- | 6310 |
| -- | 6310 |
| 100 ## - MAIN ENTRY--PERSONAL NAME | |
| Personal name | Hobson, J. Allan, |
| 245 10 - TITLE STATEMENT | |
| Title | Sleep / |
| Statement of responsibility, etc | J. Allan Hobson. |
| 260 ## - PUBLICATION, DISTRIBUTION, ETC. (IMPRINT) | |
| Place of publication, distribution, etc | New York : |
| Name of publisher, distributor, etc | Scientific American Library : |
| -- | Distributed by W.H. Freeman,c1989. |
| Date of publication, distribution, etc | c1989. |
| 300 ## - PHYSICAL DESCRIPTION | |
| Extent | xiii, 213 p. : |
| Other physical details | ill. (chiefly col.) ; |
| Dimensions | 24 cm. |
| 440 #0 - | |
| -- | Scientific American Library series, |
| -- | no. 27 |
| 500 ## - GENERAL NOTE | |
| General note | Includes index. |
| 500 ## - GENERAL NOTE | |
| General note | Distributer: Al-Ahram. |
| 504 ## - BIBLIOGRAPHY, ETC. NOTE | |
| Bibliography, etc | Bibliography: p. [205]-206. |
| 511 ## - PARTICIPANT OR PERFORMER NOTE | |
| Participant or performer note | Catalogued By: Mahitab. |
| 650 #0 - SUBJECT ADDED ENTRY--TOPICAL TERM | |
| Topical term or geographic name as entry element | Sleep. |
| 942 ## - ADDED ENTRY ELEMENTS (KOHA) | |
| Item type | Book - Borrowing |
| Call number prefix | 612.821HOB |
| Withdrawn status | Item status | Damaged status | Not for loan | Home library | Current library | Shelving location | Date acquired | Source of acquisition | Total Checkouts | Total Renewals | Full call number | Barcode | Date last seen | Date last borrowed | Koha item type |
|---|---|---|---|---|---|---|---|---|---|---|---|---|---|---|---|
| Central Library | Central Library | First floor | 21/11/2007 | Purchase | 5 | 24 | 612.821HOB | 000007812 | 15/07/2025 | 29/06/2021 | Book - Borrowing |